[Event "Steinfurt Bezirksliga 1617"]
[Site "Germany"]
[Date "2017.01.21"]
[Round "5.6"]
[White "Melcher, Guenter Herbert"]
[Black "Overmeyer, Juergen"]
[Result "1/2-1/2"]
[WhiteElo "1620"]
[BlackElo "1531"]
[PlyCount "70"]
[EventDate "2016.09.24"]
[EventType "team"]
[EventRounds "9"]
[EventCountry "GER"]
[SourceTitle "EXT 2018"]
[Source "ChessBase"]
[SourceDate "2017.10.13"]
[SourceVersion "1"]
[SourceVersionDate "2017.10.13"]
[SourceQuality "1"]
[WhiteTeam "Steinfurt II"]
[BlackTeam "Emsdetten Rochade IV"]
[WhiteTeamCountry "GER"]
[BlackTeamCountry "GER"]

1. d4 d5 2. c4 e6 3. Nf3 c5 4. cxd5 cxd4 5. Nxd4 Qxd5 6. Nc3 Bb4 7. Qa4+ Nc6 8. Nxc6 Bxc3+ 9. bxc3 Qxc6 10. Qxc6+ bxc6 11. Ba3 Ba6 12. e3 Bxf1 13. Kxf1 f5 14. Ke2 Nf6 15. Rhd1 Rd8 16. Rab1 Nd5 17. Rd3 e5 18. c4 e4 19. Rdb3 Nb6 20. Rc1 Kf7 21. c5 Nc8 22. Rb7+ Ke6 23. Bb2 Rd3 24. Rd1 Rxd1 25. Kxd1 Rd8+ 26. Bd4 Rd7 27. Rxd7 Kxd7 28. Bxg7 Ke6 29. Kd2 Kd5 30. Bf8 Kc4 31. Kc2 a6 32. f3 Na7 33. fxe4 fxe4 34. g4 Nb5 35. h4 Nc7 1/2-1/2

[Event "Steinfurt Bezirksliga 1314"]
[Site "Germany"]
[Date "2014.01.25"]
[Round "5.5"]
[White "Overmeyer, Juergen"]
[Black "Carstensen, Jens"]
[Result "1/2-1/2"]
[WhiteElo "1518"]
[BlackElo "1701"]
[PlyCount "64"]
[EventDate "2013.09.14"]
[EventType "team-tourn"]
[EventRounds "9"]
[EventCountry "GER"]
[SourceTitle "EXT 2015"]
[Source "ChessBase"]
[SourceDate "2014.11.20"]
[SourceVersion "1"]
[SourceVersionDate "2014.11.20"]
[SourceQuality "1"]
[WhiteTeam "Emsdetten Rochade III"]
[BlackTeam "Neuenkirchen II"]
[WhiteTeamCountry "GER"]
[BlackTeamCountry "GER"]

1. e4 c6 2. d4 d5 3. exd5 cxd5 4. Bd3 Nc6 5. c3 Nf6 6. Bf4 Qb6 7. Qc2 Bg4 8. Nd2 e6 9. Ngf3 Rc8 10. Qb3 Qxb3 11. axb3 Bxf3 12. Nxf3 a6 13. b4 Nh5 14. Be3 Bd6 15. b5 axb5 16. Bxb5 0-0 17. 0-0 Rc7 18. Bd3 Nf6 19. h3 Rb8 20. Bb5 Ne4 21. Ng5 Nf6 22. Nf3 Ne7 23. Bg5 Ne4 24. Bxe7 Rxe7 25. Rfe1 Bf4 26. Bd3 Nd6 27. g3 Bh6 28. Ne5 g6 29. Ra7 Rc7 30. Rea1 f6 31. Ng4 Bg7 32. Ne3 Rcc8 1/2-1/2

[Event "Steinfurt Bezirksklasse 1213"]
[Site "Germany"]
[Date "2013.01.19"]
[Round "4.4"]
[White "Koelking, Helmut"]
[Black "Overmeyer, Juergen"]
[Result "1/2-1/2"]
[WhiteElo "1430"]
[BlackElo "1559"]
[PlyCount "39"]
[EventDate "2012.09.29"]
[EventType "team-tourn"]
[EventRounds "9"]
[EventCountry "GER"]
[SourceTitle "EXT 2015"]
[Source "ChessBase"]
[SourceDate "2014.11.20"]
[SourceVersion "1"]
[SourceVersionDate "2014.11.20"]
[SourceQuality "1"]
[WhiteTeam "Steinfurt IV"]
[BlackTeam "Emsdetten Rochade III"]
[WhiteTeamCountry "GER"]
[BlackTeamCountry "GER"]

1. d4 d5 2. Nf3 e6 3. g3 c5 4. dxc5 Bxc5 5. Bg2 Nc6 6. 0-0 b5 7. c3 Bb7 8. Nbd2 Nge7 9. e4 Qb6 10. b4 Bd6 11. exd5 Nxd5 12. Ne4 Be7 13. Bb2 0-0 14. a4 Rfd8 15. Qc2 Rac8 16. Qe2 a6 17. Nfg5 h6 18. Nf3 Nf6 19. Ned2 Rd7 20. axb5 1/2-1/2

[Event "Steinfurt Bezirksliga 1112"]
[Site "Germany"]
[Date "2011.11.26"]
[Round "3.7"]
[White "Overmeyer, Juergen"]
[Black "Menz, Robert"]
[Result "1/2-1/2"]
[WhiteElo "1551"]
[BlackElo "1604"]
[PlyCount "67"]
[EventDate "2011.10.01"]
[EventType "team-tourn"]
[EventRounds "9"]
[EventCountry "GER"]
[SourceTitle "EXT 2013"]
[Source "ChessBase"]
[SourceDate "2012.11.22"]
[SourceVersion "1"]
[SourceVersionDate "2012.11.22"]
[SourceQuality "1"]
[WhiteTeam "Emsdetten Rochade III"]
[BlackTeam "Saerbeck II"]
[WhiteTeamCountry "GER"]
[BlackTeamCountry "GER"]

1. e4 e5 2. f4 exf4 3. Bc4 Qh4+ 4. Kf1 d6 5. Nf3 Bg4 6. Nc3 Qh5 7. Be2 Ne7 8. h3 Bxf3 9. Bxf3 Qh6 10. h4 Nbc6 11. d4 0-0-0 12. g4 g6 13. Ne2 Qg7 14. c3 Qg8 15. Bxf4 Bg7 16. Qa4 a6 17. b4 Na7 18. d5 Nb5 19. Rc1 Qf8 20. Kg2 f5 21. Rhf1 fxe4 22. Bxe4 Qe8 23. Qc2 Qd7 24. Bf3 Rdf8 25. Qd2 Kb8 26. Be3 h5 27. gxh5 gxh5 28. Nf4 Rhg8 29. Kh1 Be5 30. Ne6 Rf6 31. Bg5 Rf5 32. Bxh5 Rxf1+ 33. Rxf1 Nxc3 34. Be3 1/2-1/2

[Event "Steinfurt Bezirksliga 1011"]
[Site "Germany"]
[Date "2011.02.12"]
[Round "5.5"]
[White "Koczy, Willibald"]
[Black "Overmeyer, Juergen"]
[Result "1/2-1/2"]
[WhiteElo "1463"]
[BlackElo "1592"]
[PlyCount "38"]
[EventDate "2010.10.02"]
[EventType "team-tourn"]
[EventRounds "9"]
[EventCountry "GER"]
[SourceTitle "EXT 2012"]
[Source "ChessBase"]
[SourceDate "2011.11.24"]
[SourceVersion "1"]
[SourceVersionDate "2011.11.24"]
[SourceQuality "1"]
[WhiteTeam "Ibbenbueren II"]
[BlackTeam "Emsdetten Rochade III"]
[WhiteTeamCountry "GER"]
[BlackTeamCountry "GER"]

1. e4 c5 2. Nf3 Nc6 3. d4 cxd4 4. Nxd4 d6 5. Nc3 g6 6. Be3 Bg7 7. Bc4 Nf6 8. f3 0-0 9. Qd2 a6 10. 0-0-0 Bd7 11. g4 b5 12. Nxc6 Bxc6 13. Bb3 Nd7 14. Bd4 a5 15. Bxg7 Kxg7 16. Qd4+ Kg8 17. Bd5 Bxd5 18. Qxd5 b4 19. Na4 Nb6 1/2-1/2

[Event "Steinfurt Bezirksliga 0607"]
[Site "Germany"]
[Date "2007.04.28"]
[Round "9.4"]
[White "Roewekamp, Helmut"]
[Black "Overmeyer, Juergen"]
[Result "1/2-1/2"]
[WhiteElo "1691"]
[BlackElo "1636"]
[PlyCount "31"]
[EventDate "2006.09.09"]
[EventType "team-tourn"]
[EventRounds "9"]
[EventCountry "GER"]
[SourceTitle "EXT 2008"]
[Source "ChessBase"]
[SourceDate "2007.11.25"]
[SourceVersion "1"]
[SourceVersionDate "2007.11.25"]
[SourceQuality "1"]
[WhiteTeam "Reckenfeld"]
[BlackTeam "Emsdetten Rochade II"]
[WhiteTeamCountry "GER"]
[BlackTeamCountry "GER"]

1. e4 c5 2. Nf3 Nc6 3. Bc4 d6 4. c3 g6 5. d3 Bg7 6. 0-0 Nf6 7. Be3 0-0 8. Qc1 Ng4 9. Bg5 Nge5 10. Nxe5 Nxe5 11. Bh6 Nxc4 12. dxc4 b6 13. Bxg7 Kxg7 14. Qe3 Bb7 15. Nd2 Qc7 16. Rad1 1/2-1/2

[Event "Steinfurt Bezirksliga 0607"]
[Site "Germany"]
[Date "2007.02.03"]
[Round "6.5"]
[White "Overmeyer, Juergen"]
[Black "Gerighausen, Karl Heinz"]
[Result "1/2-1/2"]
[WhiteElo "1636"]
[BlackElo "1790"]
[PlyCount "47"]
[EventDate "2006.09.09"]
[EventType "team-tourn"]
[EventRounds "9"]
[EventCountry "GER"]
[SourceTitle "EXT 2008"]
[Source "ChessBase"]
[SourceDate "2007.11.25"]
[SourceVersion "1"]
[SourceVersionDate "2007.11.25"]
[SourceQuality "1"]
[WhiteTeam "Emsdetten Rochade II"]
[BlackTeam "Ibbenbueren II"]
[WhiteTeamCountry "GER"]
[BlackTeamCountry "GER"]

1. e4 c5 2. Nf3 d6 3. d4 cxd4 4. Nxd4 Nf6 5. Nc3 g6 6. Be2 Bg7 7. 0-0 Nc6 8. Be3 0-0 9. f4 Qb6 10. Rb1 Nxe4 11. Nd5 Qd8 12. Nb5 Nf6 13. c4 Bd7 14. Bf3 Na5 15. Qe2 Bxb5 16. cxb5 Nxd5 17. Bxd5 e6 18. Bf3 d5 19. b3 b6 20. Rbc1 Qd7 21. b4 Nc4 22. Rxc4 dxc4 23. Bxa8 Rxa8 24. Qxc4 1/2-1/2

[Event "Steinfurt Bezirksliga 0607"]
[Site "Germany"]
[Date "2006.09.09"]
[Round "1.7"]
[White "Sterthaus, Paul"]
[Black "Overmeyer, Juergen"]
[Result "0-1"]
[WhiteElo "1504"]
[BlackElo "1636"]
[PlyCount "66"]
[EventDate "2006.09.09"]
[EventType "team-tourn"]
[EventRounds "9"]
[EventCountry "GER"]
[SourceTitle "EXT 2008"]
[Source "ChessBase"]
[SourceDate "2007.11.25"]
[SourceVersion "1"]
[SourceVersionDate "2007.11.25"]
[SourceQuality "1"]
[WhiteTeam "Emsdetten Rochade III"]
[BlackTeam "Emsdetten Rochade II"]
[WhiteTeamCountry "GER"]
[BlackTeamCountry "GER"]

1. e4 c5 2. Nf3 Nc6 3. d4 cxd4 4. Nxd4 d6 5. Nc3 g6 6. Nxc6 bxc6 7. Qd4 Nf6 8. e5 c5 9. Qe3 Ng4 10. Qf3 Rb8 11. exd6 exd6 12. Bb5+ Bd7 13. Bxd7+ Qxd7 14. 0-0 Bg7 15. Re1+ Ne5 16. Nd5 f5 17. Qe2 0-0 18. Bg5 Rxb2 19. f4 Nc6 20. Qc4 Qf7 21. Ne7+ Nxe7 22. Qxf7+ Rxf7 23. Rxe7 Rxc2 24. Re8+ Rf8 25. Rae1 Bd4+ 26. Kh1 Bf2 27. Rxf8+ Kxf8 28. Rf1 Rxa2 29. g3 Bd4 30. Re1 Ra1 31. Rxa1 Bxa1 32. Bd8 c4 33. Kg2 c3 0-1

[Event "Steinfurt Bezirksklasse 0506"]
[Site "Germany"]
[Date "2006.01.28"]
[Round "5.2"]
[White "Overmeyer, Juergen"]
[Black "Boeckmann, Dirk"]
[Result "1/2-1/2"]
[WhiteElo "1636"]
[BlackElo "1530"]
[PlyCount "32"]
[EventDate "2005.09.10"]
[EventType "team-tourn"]
[EventRounds "7"]
[EventCountry "GER"]
[SourceTitle "EXT 2006"]
[Source "ChessBase"]
[SourceDate "2005.11.24"]
[SourceVersion "1"]
[SourceVersionDate "2005.11.24"]
[SourceQuality "1"]
[WhiteTeam "Emsdetten Rochade III"]
[BlackTeam "Reckenfeld II"]
[WhiteTeamCountry "GER"]
[BlackTeamCountry "GER"]

1. e4 e5 2. Bc4 Nf6 3. d3 d6 4. Nc3 Nc6 5. Be3 Be7 6. Nge2 0-0 7. Qd2 Be6 8. Bxe6 fxe6 9. 0-0-0 Ng4 10. Rdf1 Nxe3 11. fxe3 Rxf1+ 12. Rxf1 Qd7 13. Ng1 Rf8 14. Rxf8+ Bxf8 15. Qe2 a6 16. Qg4 Qf7 1/2-1/2

[Event "Muensterland Verbandsklasse-B 0304"]
[Site "Germany"]
[Date "2003.12.13"]
[Round "4.7"]
[White "Overmeyer, Juergen"]
[Black "Cvetkovic, Reinhard"]
[Result "0-1"]
[WhiteElo "1630"]
[BlackElo "1652"]
[PlyCount "92"]
[EventDate "2003.09.20"]
[EventType "team"]
[EventRounds "9"]
[EventCountry "GER"]
[SourceTitle "EXT 2005"]
[Source "ChessBase"]
[SourceDate "2004.11.15"]
[SourceVersion "1"]
[SourceVersionDate "2004.11.15"]
[SourceQuality "1"]
[WhiteTeam "Emsdetten Rochade II"]
[BlackTeam "Raesfeld Erle"]
[WhiteTeamCountry "GER"]
[BlackTeamCountry "GER"]

1. e4 e6 2. d4 d5 3. exd5 exd5 4. Bd3 Bd6 5. c3 Ne7 6. Bg5 f6 7. Be3 c6 8. Qh5+ g6 9. Qe2 Nd7 10. Bh6 Qc7 11. g3 b5 12. Nf3 Kf7 13. 0-0 Re8 14. Qc2 Ng8 15. Be3 Nf8 16. Nbd2 Bg4 17. Rfe1 Re7 18. Kg2 Qd7 19. Ng1 Rae8 20. Ndf3 Qc7 21. b4 Bc8 22. Qd2 Kg7 23. a4 a6 24. axb5 cxb5 25. Qc2 Bb7 26. Re2 Rc8 27. Rc1 Qd8 28. Qd1 Rec7 29. Bd2 Rc6 30. Rc2 R8c7 31. Be1 Ne7 32. Qa1 Nd7 33. Red2 Nb6 34. Rd1 Na4 35. Rdc1 Bc8 36. Nd2 Bf5 37. Bxf5 Nxf5 38. Nb3 Bxb4 39. Nc5 Bxc5 40. dxc5 Rxc5 41. Nf3 Qc8 42. Re2 Nxc3 43. Bxc3 Rxc3 44. Rxc3 Rxc3 45. Rd2 Rc1 46. Qa3 Qc4 0-1

[Event "Steinfurt Bezirksliga 0203"]
[Site "Germany"]
[Date "2002.10.05"]
[Round "2.7"]
[White "Overmeyer, Juergen"]
[Black "Limberg, Johannes"]
[Result "1-0"]
[WhiteElo "1627"]
[BlackElo "1437"]
[PlyCount "55"]
[EventDate "2002.09.14"]
[EventType "team-tourn"]
[EventRounds "9"]
[EventCountry "GER"]
[SourceTitle "EXT 2004"]
[Source "ChessBase"]
[SourceDate "2003.11.25"]
[SourceVersion "1"]
[SourceVersionDate "2003.11.25"]
[SourceQuality "1"]
[WhiteTeam "Emsdetten Rochade II"]
[BlackTeam "Rheine SG"]
[WhiteTeamCountry "GER"]
[BlackTeamCountry "GER"]

1. e4 e5 2. Bc4 Nf6 3. d3 d6 4. Be3 Nc6 5. Nc3 Na5 6. Bb3 Nxb3 7. axb3 b6 8. Qd2 Bb7 9. f4 Ng4 10. Bf2 Nxf2 11. Qxf2 exf4 12. Qxf4 Be7 13. Nf3 h6 14. 0-0 0-0 15. Ne2 Qd7 16. Ng3 Bf6 17. d4 Rfe8 18. Rfe1 Qb5 19. Rad1 a5 20. Nf5 Qc6 21. Nxh6+ Kf8 22. Ng5 gxh6 23. Nh7+ Kg7 24. Nxf6 Re6 25. Rf1 Rf8 26. Rd3 Rxf6 27. Qxf6+ Kh7 28. Rg3 1-0